000 00531nam a2200181 a 4500
005 20140310183144.0
008 020823s19uu xx 00 eng d
020 _a0201455943
050 _aQA 76.6
_b.Si582 1998
100 _aSilberschatz, Abraham
245 _aOperating system concepts /
_cAbraham Silberchatz.
260 _aReading, Mass. :
_bAddison-Wesley,
_c1998.
300 _axiv, 625 p. :
_bill. ;
_c21 cm.
521 _aIT
546 _aC0431
650 _aOperating systems ( computers )
942 _cBK
_2lcc
_kFOR
999 _c19471
_d19471